00470nam a22001217a 4500082001500000100002100015245006300036260004300099300002100142942001200163999001900175952015400194 a342.954106 aHassan, Masul-Ul aManual of Civil Service Laws & Practice /cMasul-Ul Hassan aLahore :bNational Law Reporter,cN.D. a1798 p. ;c24cm. 2ddccBK c540995d540995 00102ddc406342_954106000000000_HAS709500954aNLSbNLScLAWd2020-11-16eAllied Book Companyo342.954106 HASpCL-441r2020-11-16w2020-11-16yREF